|
|
|
|
| LEADER |
00000nam0a2200000 4500 |
| 001 |
323734 |
| 005 |
20231102003611.0 |
| 035 |
|
|
|a (RuTPU)RU\TPU\book\349321
|
| 035 |
|
|
|a RU\TPU\book\187495
|
| 090 |
|
|
|a 323734
|
| 100 |
|
|
|a 20161026d1968 m y0rusy50 ca
|
| 101 |
0 |
|
|a rus
|
| 102 |
|
|
|a RU
|
| 105 |
|
|
|a a j 001zy
|
| 200 |
1 |
|
|a Общий курс слесарного дела
|e учебник для профессионально-технических училищ
|f Н. Н. Кропивницкий
|
| 205 |
|
|
|a 3-е изд., испр.
|
| 210 |
|
|
|a Ленинград
|c Машиностроение
|d 1968
|
| 215 |
|
|
|a 400 с.
|c ил.
|
| 320 |
|
|
|a Библиогр.: с. 396 (12 назв.)
|
| 606 |
1 |
|
|a Слесарное дело
|x Производственное обучение
|2 stltpush
|3 (RuTPU)RU\TPU\subj\55143
|9 73203
|
| 610 |
1 |
|
|a разметка
|
| 610 |
1 |
|
|a рубка металла
|
| 610 |
1 |
|
|a правка
|
| 610 |
1 |
|
|a гибка
|
| 610 |
1 |
|
|a разрезание
|
| 610 |
1 |
|
|a опиливание
|
| 610 |
1 |
|
|a сверление
|
| 610 |
1 |
|
|a нарезание резьбы
|
| 610 |
1 |
|
|a клепка
|
| 610 |
1 |
|
|a разметка
|
| 610 |
1 |
|
|a распиливание
|
| 610 |
1 |
|
|a шабрение
|
| 610 |
1 |
|
|a притирка
|
| 610 |
1 |
|
|a паяние
|
| 610 |
1 |
|
|a технологический процесс
|
| 610 |
1 |
|
|a учебные пособия
|
| 675 |
|
|
|a 683.3(075.32)
|v 4
|
| 700 |
|
1 |
|a Кропивницкий
|b Н. Н.
|g Николай Николаевич
|
| 801 |
|
1 |
|a RU
|b 63413507
|c 20091216
|
| 801 |
|
2 |
|a RU
|b 63413507
|c 20230329
|g RCR
|
| 942 |
|
|
|c BK
|